| 000 | 01024nam0a22002531 4500 | ||
|---|---|---|---|
| 001 | rc\1073558 | ||
| 005 | 20260406193510.0 | ||
| 035 | _a(NLR Aleph) 006233246 | ||
| 090 |
_a6594506 _c6594506 |
||
| 100 | _a20041129d1980 |||y0rusy50 ca | ||
| 101 | 0 | _arus | |
| 102 | _aRU | ||
| 105 | _ay ||||||||| | ||
| 200 | 1 |
_aБиосоциальная природа человека и его сознания _e[Сб. статей] _fАН УзССР, Центр. совет по методол. семинарам, Каф. философии _g[Отв. ред. Б. Исмаилов] |
|
| 210 |
_aТашкент _cФан _d1980 |
||
| 215 |
_a146 с. _d21 |
||
| 225 | 1 | _aМетодологические проблемы современной науки | |
| 702 | 1 |
_aИсмаилов _bБ. _gБаман _4340 |
|
| 712 | 0 | 2 |
_aАН УзССР _cТашкент _bКафедра философии _3RU\NLR\AUTH\889956264 _9408643 |
| 801 | 0 |
_aRU _bNLR _gpsbo |
|
| 801 | 1 |
_aRU _bELAR _2rusmarc |
|
| 852 |
_aNLR _j81-5/1652 |
||
| 942 | _cBOOK | ||
| 980 | _aNB | ||